Puentes en el tiempo: Historia Social y Cultural de Concepción.

Enregistré dans:
Détails bibliographiques
Auteur principal: Valenzuela Reyes, Pedro (autor)
Autres auteurs: Lernanda Delgado, Wilson (autor)
Format: Livre
Publié: Concepción, Chile: Ediciones Universidad Católica de la Santísima Concepción, 2024.
Sujets:
Tags: Ajouter un tag
Pas de tags, Soyez le premier à ajouter un tag!

MARC

LEADER 00000nam a22000007a 4500
003 CL-VaPUC
005 20241211114447.0
008 241121t2024 ||||| |||| 00| 0 spa d
999 |c 445871  |d 445869 
020 |a 978-956-6068-73-0 
040 |c Pontificia Universidad Católica de Valparaíso 
082 |a 983.39 VAL 2024 
100 1 |a Valenzuela Reyes, Pedro   |e autor  |9 894115 
245 |a Puentes en el tiempo:  |b Historia Social y Cultural de Concepción.  
260 |a Concepción, Chile:  |b Ediciones Universidad Católica de la Santísima Concepción,   |c 2024. 
300 |a 199 páginas :  |b  ilustraciones. 
500 |a c.1. Donación Pedro Valenzuela Reyes (autor). Biblioteca de Historia Memo HIS/22 -28-10-2024. 
583 |c 20241121  |k GC 
650 0 |9 538846  |a Historia regional  |y Siglo 18-20  |z Región del Biobío, Chile 
651 0 |9 658253  |a Provincia de Concepción  |x Historia social y cultural  |y Siglo 18-20  |z Chile 
700 |a Lernanda Delgado, Wilson  |e autor  |9 894116 
942 |2 ddc  |c BK 
952 |0 0  |1 0  |2 ddc  |4 0  |6 983_390000000000000_VAL_2024  |7 0  |8 A  |9 598188  |a BIBHIS  |b BIBHIS  |d 2024-11-21  |e Donación   |i 5663380  |o 983.39 VAL 2024  |p 5663380  |r 2025-01-20  |t 1  |w 2024-11-21  |y BK  |k HIS